La selección para los beneficiarios para los programas contra la pobreza: la experiencia del IMAS /
El objetivo de este artículo es presentar y evaluar el sistema de selección de la Población Objetivo (SIPO), utilizado por el IMAS, con miras a determinar su situación actual y perspectivas futuras. Para alcanzar este objetivo el trabajo se compone de 4 secciones. La primera presenta una discusión c...
Đã lưu trong:
| Tác giả chính: | |
|---|---|
| Tác giả khác: | |
| Định dạng: | Texto |
| Những chủ đề: | |
| Các nhãn: |
Thêm thẻ
Không có thẻ, Là người đầu tiên thẻ bản ghi này!
|
MARC
| LEADER | 00000 a a2200000 04500 | ||
|---|---|---|---|
| 001 | 44098 | ||
| 003 | |||
| 040 | |||
| 100 | |a Trejos Solórzano, Juan Diego | ||
| 245 | |a La selección para los beneficiarios para los programas contra la pobreza: |b la experiencia del IMAS / |c Juan Diego Trejos Solórzano, María Inés Sáenz Vega | ||
| 520 | |a El objetivo de este artículo es presentar y evaluar el sistema de selección de la Población Objetivo (SIPO), utilizado por el IMAS, con miras a determinar su situación actual y perspectivas futuras. Para alcanzar este objetivo el trabajo se compone de 4 secciones. La primera presenta una discusión conceptual en torno a la focalización. La segunda y tercera resume las características principales del SIPO y su evaluación. Se concluye con una síntesis de resultados y se identifican los principales desafíos. | ||
| 590 | |a RRH/MARZO2013 | ||
| 650 | |a 1.POBREZA | ||
| 650 | |a 2.REDUCCION DE LA POBREZA | ||
| 650 | |a 3.POLITICA SOCIAL | ||
| 650 | |a 4.SERVICIOS SOCIALES | ||
| 700 | |a Sáenz Vega, María Inés | ||
| 773 | |g páginas 465-511 : tablas, gráficos | ||
| 999 | |c 29457 |d 29457 | ||
